War stories : the causes and consequences of public views of war /

Bibliographic Details
Main Author: Baum, Matthew A., 1965-
Other Authors: Groeling, Tim J.
Format: Book
Language:English
Published: Princeton : Princeton University Press, [2010]
Subjects:

MARC

Tag First Indicator Second Indicator Subfields
LEADER 00000cam a22000004a 4500
001 in00002548713
005 20190511063213.0
008 090410s2010 njua b 001 0 eng
010 |a  2009015445 
015 |a GBA9A4075  |2 bnb 
016 7 |a 015402526  |2 Uk 
020 |a 9780691138589 (hardback : alk. paper) 
020 |a 0691138583 (hardback : alk. paper) 
020 |a 9780691138596 (pbk. : alk. paper) 
020 |a 0691138591 (pbk. : alk. paper) 
029 1 |a CDX  |b 9956019 
029 1 |a CDX  |b 9956020 
035 |a (OCoLC)ocn318534324 
035 |a (OCoLC)318534324 
040 |a DLC  |c DLC  |d YDX  |d BTCTA  |d UKM  |d YDXCP  |d ZPX  |d CDX  |d UtOrBLW 
043 |a n-us--- 
049 |a TXAM 
050 0 0 |a PN4888.W37  |b B38 2010 
082 0 0 |a 070.4/333  |2 22 
100 1 |a Baum, Matthew A.,  |d 1965- 
245 1 0 |a War stories :  |b the causes and consequences of public views of war /  |c Matthew A. Baum & Tim J. Groeling. 
264 1 |a Princeton :  |b Princeton University Press,  |c [2010] 
264 4 |c ©2010 
300 |a xviii, 329 pages :  |b illustrations ;  |c 24 cm. 
336 |a text  |b txt  |2 rdacontent 
337 |a unmediated  |b n  |2 rdamedia 
338 |a volume  |b nc  |2 rdacarrier 
504 |a Includes bibliographical references (pages [297]-313) and index. 
505 0 |a News, opinion, and foreign policy -- Politics across the water's edge -- Elite rhetoric, media coverage, and rallying 'round the flag -- War meets the press : strategic media bias and elite foreign policy evaluations -- Shot by the messenger : an experimental examination of the effects of party cues on public opinion regarding national security and war -- Tidings of battle : polarizing media and public support for the Iraq War -- "Reality asserted itself" : the elasticity of reality and the war in Iraq -- Barbarians inside the gates : partisan new media and the polarization of American political discourse -- Back to the future : foreign policy in the second era of the partisan press. 
650 0 |a War  |x Press coverage  |z United States. 
650 0 |a Foreign news  |z United States. 
651 0 |a United States  |x Foreign relations  |x Public opinion. 
650 0 |a Iraq War, 2003-2011  |x Journalists. 
650 0 |a Public opinion  |z United States. 
650 0 |a Press and politics  |z United States. 
700 1 |a Groeling, Tim J. 
938 |a Coutts Information Services  |b COUT  |n 9956020 
938 |a YBP Library Services  |b YANK  |n 3082842 
945 |a PromptCat  |b 893231 
946 |a stk 
947 |a A14840057719 
994 |a 92  |b TXA 
948 |a cataloged  |b h  |d 2010/2/5  |h c  |e asalazar  |f 11:37:30 am 
999 |a MARS 
999 f f |s 8d6caead-325b-33a1-841d-75966a802db1  |i ea200c85-4af5-36e9-96de-286a6cef8ebd  |t 0 
952 f f |p normal  |a Texas A&M University  |b College Station  |c Sterling C. Evans Library  |d Evans: Library Stacks  |t 0  |e PN4888.W37 B38 2010  |h Library of Congress classification  |i unmediated -- volume  |m A14840057719 
998 f f |a PN4888.W37 B38 2010  |t 0  |l Evans: Library Stacks